000 00873nas a2200289 4500
001 BR0504744
003 BR-BrBNA
005 20231205105641.0
007 ta
008 230509b bl.|||p| |||| 00| 00por d
040 _aBR-BrBNA
_bpor
_cBiblioteca Nacional de Agricultura
041 _a(Pt)
072 _ak10; U10
100 1 _aBarra, O.S.V.
100 1 _aSanquetta, C.R.
100 1 _aArce, J.E.
100 1 _aMachado, S. do A.
100 1 _aCorte, A.P.D.
245 1 _aProposta metodológica para o ajuste ótimo da distribuição diamétrica Weibull 3P
650 _aPOVOAMENTO FLORESTAL
650 _aDIÂMETRO
650 _aMÉTODO DE OTIMIZAÇÃO
650 _aMÉTODO ESTATÍSTICO
773 0 _tFloresta (Brazil)
_xISSN 0015-3826
_g(Sep-Dec 2004), v. 34(3) p.387-393
_wBR0504744
909 _a202311
_bLúcia
_c55
_dLúcia Elande
942 _2AGRIS
_n0
_cANA
999 _c183965
_d183965